Fr. Conceicao Rodrigues College of Engineering

Physics I (Record no. 31065)

MARC details
000 -LEADER
fixed length control field 00372nam a2200181Ia 4500
082 ## - DEWEY DECIMAL CLASSIFICATION NUMBER
Classification number 530/SAN
Item number SAN
100 ## - MAIN ENTRY--PERSONAL NAME
Personal name Sang/David/ Gibbs/K
245 ## - TITLE STATEMENT
Title Physics I
260 ## - PUBLICATION, DISTRIBUTION, ETC.
Name of publisher, distributor, etc. Cambridge University Press
Place of publication, distribution, etc. Mumbai
Date of publication, distribution, etc. 2000
366 ## - TRADE AVAILABILITY INFORMATION
Publishers's discount category 10
300 ## - PHYSICAL DESCRIPTION
Extent 209
490 ## - SERIES STATEMENT
Volume/sequential designation 1
546 ## - LANGUAGE NOTE
Language note ENGLISH
650 ## - SUBJECT ADDED ENTRY--TOPICAL TERM
Topical term or geographic name entry element Physics
654 ## - SUBJECT ADDED ENTRY--FACETED TOPICAL TERMS
Focus term physics 1
942 ## - ADDED ENTRY ELEMENTS (KOHA)
Koha item type BOOK
Holdings
Withdrawn status Lost status Damaged status Not for loan Collection Home library Current library Date acquired Source of acquisition Cost, normal purchase price Inventory number Total Checkouts Full call number Barcode Date last seen Cost, replacement price Price effective from Koha item type
        CRC Fr. Agnel's C.Rodrigues College of Engineering Fr. Agnel's C.Rodrigues College of Engineering 17/03/2023 Chemtech Books pvt Ltd 607.50 195 dt 20/09/2008   530/SAN SAN 18968 17/03/2023 675.00   BOOK